| 000 | 00658cam a22002293a 4500 | ||
|---|---|---|---|
| 001 | 31396 | ||
| 003 | PGUSA | ||
| 005 | 20140828083659.0 | ||
| 008 | 100225s2010||||xxu|||||s|||||000 1 eng d | ||
| 040 |
_aPGUSA _beng |
||
| 042 | _adc | ||
| 050 | 4 | _aPZ | |
| 100 | 1 | _aOverton, Mark | |
| 245 | 1 | 0 |
_aJack Winters' Baseball Team; Or, The Rivals of the Diamond _h[electronic resource] / _cMark Overton |
| 260 |
_bProject Gutenberg, _c2010 |
||
| 506 | _aPublic domain in the USA. | ||
| 516 | _aElectronic text | ||
| 653 | _aBaseball -- Juvenile fiction | ||
| 830 | 0 |
_aProject Gutenberg _v31396 |
|
| 856 | 4 | 0 | _uhttp://www.gutenberg.org/ebooks/31396 |
| 942 | _cEB | ||
| 999 |
_c260651 _d260651 |
||